LEGO Ninjago: The Six Ninjas - Statistics

General Stats
  • This quiz has been taken 6,940 times
    6,385 since last reset
  • The average score is 6 of 6
Answer Stats
Role Ninja % Correct
Elemental Master of Fire Kai
98%
Elemental Master of Earth Cole
97%
Elemental Master of Lightning Jay
96%
Elemental Master of Ice Zane
96%
Elemental Master of Energy Lloyd
90%
Elemental Master of Water Nya
87%
No matching quizzes found
Score Distribution
Percent of People with Each Score
Percentile by Number Answered
Your Score History
You have not taken this quiz since the last reset